Reagan propone plan de paz para América Central (fax)

Uloženo v:
Podrobná bibliografie
Médium: Text
Vydáno: s.l.: s.e
Tagy: Přidat tag
Žádné tagy, Buďte první, kdo vytvoří štítek k tomuto záznamu!

MARC

LEADER 00000 a a2200000 04500
001 23436
003
040
090 |a 162900  
245 |a Reagan propone plan de paz para América Central (fax)  
260 |a s.l.:   |b s.e  
300 |a 3 p.  
999 |c 12889  |d 12889